Visualizzazione normale
Vista MARC
- Santolini L., Belletti F., Tomisich M., Di Nicola P., Livraghi R., Bonetti R., Caracciolo P
di Personal Name
Records bibliografici associati: 1
001 - CONTROL NUMBER
- control field: 62661
003 - CONTROL NUMBER IDENTIFIER
- control field:
005 - DATE AND TIME OF LATEST TRANSACTION
- control field: 20251024161910.0
008 - FIXED-LENGTH DATA ELEMENTS
- fixed length control field: 251024|| aca||aabn | a|a d
040 ## - CATALOGING SOURCE
- Original cataloging agency:
- Transcribing agency:
100 ## - HEADING--PERSONAL NAME
- Personal name: Santolini L., Belletti F., Tomisich M., Di Nicola P., Livraghi R., Bonetti R., Caracciolo P
670 ## - SOURCE DATA FOUND
- Source citation: Work cat.: ()217876: Belletti Francesco (a cura di) 61079, Fare famiglia oggi, 2001